000 00567nam a2200241Ia 4500
003 IT-RoPAU
008 120407s9999 xx 000 0 und d
040 _aIT-RoPAU
040 _cIT-RoPAU
041 _aita
100 _aJoyce Ridick
100 _cssc
245 _aI voti . Un tesoro in vasi di argilla. Riflesioni psicologico spirituali
250 _aCasale Monferrato (AL)
260 _aPiemme
260 _c1983
300 _a176 p.
300 _c21 cm
490 _aAntropologia e vita cristiana
490 _v1
942 _cBK
999 _c27256
_d27256